Que, qui, qu’y croire ? (notice n° 1605387)
[ vue normale ]
| 000 -LEADER | |
|---|---|
| fixed length control field | 00639cam a2200193 4500500 |
| 005 - DATE AND TIME OF LATEST TRANSACTION | |
| control field | 20251228095029.0 |
| 041 ## - LANGUAGE CODE | |
| Language code of text/sound track or separate title | fre |
| 042 ## - AUTHENTICATION CODE | |
| Authentication code | dc |
| 100 10 - MAIN ENTRY--PERSONAL NAME | |
| Personal name | Bouit, Delphine |
| Relator term | author |
| 245 00 - TITLE STATEMENT | |
| Title | Que, qui, qu’y croire ? |
| 260 ## - PUBLICATION, DISTRIBUTION, ETC. | |
| Date of publication, distribution, etc. | 2016.<br/> |
| 500 ## - GENERAL NOTE | |
| General note | 51 |
| 520 ## - SUMMARY, ETC. | |
| Summary, etc. | De quelques saynètes en guise d’amusement. |
| 520 ## - SUMMARY, ETC. | |
| Summary, etc. | A few short scenes to end in merriment. |
| 520 ## - SUMMARY, ETC. | |
| Summary, etc. | Breves cenas em jeito de divertimento. |
| 700 10 - ADDED ENTRY--PERSONAL NAME | |
| Personal name | Lévi, Florence |
| Relator term | author |
| 786 0# - DATA SOURCE ENTRY | |
| Note | Sigila | 38 | 2 | 2016-10-03 | p. 125-126 | 1286-1715 |
| 856 41 - ELECTRONIC LOCATION AND ACCESS | |
| Uniform Resource Identifier | <a href="https://shs.cairn.info/revue-sigila-2016-2-page-125?lang=fr&redirect-ssocas=7080">https://shs.cairn.info/revue-sigila-2016-2-page-125?lang=fr&redirect-ssocas=7080</a> |
Pas d'exemplaire disponible.




Réseaux sociaux